Macepark (Whittlebury) Ltd v Sargeant and another (Record no. 73766)
[ view plain ]
| 000 -LEADER | |
|---|---|
| fixed length control field | 01635cam a2200217 4500 |
| 001 - CONTROL NUMBER | |
| control field | ABS67212 |
| 008 - FIXED-LENGTH DATA ELEMENTS--GENERAL INFORMATION | |
| fixed length control field | 031111n2003 000 0 eng u |
| 035 ## - SYSTEM CONTROL NUMBER | |
| System control number | (Sirsi) u124279 |
| 245 ## - TITLE STATEMENT | |
| Title | Macepark (Whittlebury) Ltd v Sargeant and another |
| 260 ## - PUBLICATION, DISTRIBUTION, ETC. | |
| Date of publication, distribution, etc. | 2003 |
| 490 ## - SERIES STATEMENT | |
| Series statement | Weekly Law Reports |
| Volume/sequential designation | [2003] 1 WLR 2284-2295(12) |
| 520 ## - SUMMARY, ETC. | |
| Summary, etc. | [2003] EWHC 427 (Ch), 5 March 2003. Appeal against an arbitrator's decision in a dispute over a right of way in accordance with the Arbitration Act 1996 s69. The claimant (M) leased a piece of land, on which a hotel had been constructed, from defendants (S) and another which conferred a right of way 'at all times and for all purposes for the purpose of gaining access to an egress from the site and the county highway'. A copse owned by a third party was situated between the leased land and the motor racing circuit. M wished, by agreement with the owners of the copse to construct a fast track vehicular access through the copse to link the hotel and circuit directly. The parties referred to arbitration the question whether it would be a lawful use of the right of access conferred by the lease to enable hotel guests to enter the leased land and then drive through the copse to the circuit. The arbitrator ruling in favour of S, decided that such use of the right of access was outside that granted by the lease. Appeal dismissed. |
| 590 ## - LOCAL NOTE (RLIN) | |
| Local note | ABS |
| 650 ## - SUBJECT ADDED ENTRY--TOPICAL TERM | |
| Topical term or geographic name entry element | MACEPARK (WHITTLEBURY) LTD V SARGEANT AND ANOTHER |
| 650 ## - SUBJECT ADDED ENTRY--TOPICAL TERM | |
| Topical term or geographic name entry element | EASEMENT |
| 650 ## - SUBJECT ADDED ENTRY--TOPICAL TERM | |
| Topical term or geographic name entry element | RIGHT OF WAY |
| 650 ## - SUBJECT ADDED ENTRY--TOPICAL TERM | |
| Topical term or geographic name entry element | ARBITRATION ACT 1996 S69 |
| 650 ## - SUBJECT ADDED ENTRY--TOPICAL TERM | |
| Topical term or geographic name entry element | ARBITAL AWARD |
| 690 ## - LOCAL SUBJECT ADDED ENTRY--TOPICAL TERM (OCLC, RLIN) | |
| Topical term or geographic name as entry element | Boundary disputes |
| 9 (RLIN) | 6221 |
| 942 ## - ADDED ENTRY ELEMENTS (KOHA) | |
| Suppress in OPAC | 0 |
| Withdrawn status | Lost status | Source of classification or shelving scheme | Damaged status | Not for loan | Home library | Current library | Shelving location | Date acquired | Total Checkouts | Full call number | Barcode | Date last seen | Copy number | Price effective from | Koha item type |
|---|---|---|---|---|---|---|---|---|---|---|---|---|---|---|---|
| Dewey Decimal Classification | London | London | Journal article | 11/11/2003 | ABS67212 | 124279-1001 | 06/08/2019 | 1 | 06/08/2019 | Law report |